| 000 | 00761nam a2200253Ia 4500 | ||
|---|---|---|---|
| 003 | OSt | ||
| 005 | 20220925204934.0 | ||
| 006 | a|||||r|||| 00| 0 | ||
| 007 | ta | ||
| 008 | 220923b |||||||| |||| 00| 0 eng d | ||
| 037 | _cGeneral Book | ||
| 040 |
_aRTL _cRTL _beng |
||
| 041 |
_2eng _aeng |
||
| 082 | _aY9(W).688.N71<--N01, L8 | ||
| 100 |
_aDoornbos Martin R _9269285 |
||
| 245 | 0 |
_aNot all theking's men _b Inequality as a poltical in |
|
| 260 |
_aHague _bMouton _c1978 |
||
| 300 |
_axiv, 232p _ccm. |
||
| 490 | _aChange and Continuity in Africa | ||
| 500 | _aBibliography: P 221-25 | ||
| 650 | _aPolitical Sociology | ||
| 942 |
_hY9(W).688.N71<--N01, L8 _cGB _2CC |
||
| 999 |
_c550811 _d550811 |
||